000
00285nam a2200121Ia 4500
008
191201s2019 xx 000 0 und d
100
_a
PANDEY, Aashish
245
0
_a
Enterprise Resource Planning
260
_a
N. delhi
_b
Variety books
300
_a
467
650
_a
BBA
942
_2
ddc
_c
BK
999
_c
117
_d
117